000 00553nam a2200181 i 4500
001 31827
003 ES-MaACL
005 20250526063006.0
007 t|
008 030130s1969 sp ||||1| spa d
100 1 _aBeckett, Samuel,
_d1906-1989
_9240713
245 1 0 _aResidua... /
_cSamuel Beckett ; [prólogo y traducción de Félix de Azúa].
260 _a[Barcelona] :
_bTusquets,
_c[1969]
300 _a77 p. ;
_c18 cm.
700 1 _aAzúa, Félix de,
_d1944-
_924368
852 _aES-MaACL
_jC-53351
_bR.70864
999 _c31827
_d31827